000 02454nam0a2200385 i 4500
001 RU\NLR\BIBL_A\010530262
005 20241103095917.0
010 _a9785799507213
_9100
021 _aRU
_b2014-65959
_94029
035 _a(NILC)RuMoRGB-007545794
035 _a(NLR Aleph) 010530262
090 _a10253985
_c10253985
100 _a20141113d2014 km y0rusy50 ca
101 0 _arus
102 _aRU
105 _aa|||z||||00yy
200 1 _aИнтеграция производства, строительной науки и образования
_eсборник научных статей I Региональной научно-практической конференции, Тверь, 2 апреля 2014 г.
_f[редкол.: Сухарев Ю. В., к. т. н., доц. (отв. ред.), Артемьев А. А., д. э. н., проф. (отв. ред.)]
210 _aТверь
_cТвГТУ
_d2014
215 _a107 с.
_cил.
_d21
300 _aВ надзаг.: М-во образования и науки Рос. Федерации, Рос. акад. архит. и строит. наук (РААСН), М-во строительства Твер. обл., ФГБОУ ВПО "Твер. гос. техн. ун-т" (ТвГТУ)
606 1 _aСтроительное образование
_jСъезды, совещания и т.п
_yТверская область
_92264102
_3RU\NLR\AUTH\6601586976
606 1 _aСтроительная промышленность
_jСъезды, совещания и т.п
_yТверская область
_92264602
_3RU\NLR\AUTH\6601587199
606 _aСтроительное дело
_jСъезды, совещания и т.п
_91024046
_3RU\NLR\AUTH\6674089
686 1 _aН.я431(2)
686 1 _aЧ458.758.4(2Р-4Тв)я431
686 1 _aУ31(2Р-4Тв)я431
702 1 _aСухарев
_bЮ. В.
_gЮрий Васильевич
_4340
711 1 2 _a"Интеграция производства, строительной науки и образования", региональная научно-практическая конференция
_d1
_eТверь
_f2014
_9431500
_3RU\NLR\AUTH\880382612
801 0 _aRU
_bРГБ
_c20140902
_gRCR
801 1 _aRU
_bРГБ
_c20140902
_2rusmarc
942 _cBOOK
980 _aNBR